=LDR 00000nam 2200000 4500 =001 INLIS000000000008696 =005 20130612100531 =008 ***********************************Ind** =035 ##$$0010-061300000008696 =041 ##$$a Ind =082 ##$$a 372.807 6 =090 ##$$a 372.807 6, Soa s =245 ##$$a Soal dan Evaluasi IPS Jil 2 kls iv =260 ##$$a 1999 $b Semarang =300 ##$$a v, 79 hlm , Ilus, 30 cm =650 ##$$a IPS - Ijian Soal